Movies Quiz

Random Movies or Quote Quiz
Score 0/19 Timer 09:00
0 Plays Today
% Correct
Well, I hope it's not jumbo shrimp, because I'm allergic to oxymorons!
96.9%
Okay, Henry it is.
96.7%
I said... fondue the cheddar... I was thinking about making fondue with cheddar cheese for dinner tonight.
96.6%
Let's meet in the morning so we can make a day of it.
96.6%
Douche-bags are hygienic products; I take that as a compliment. Thank you.
96.4%
I would know if you worked here.
96%
And I don't care that you're bowlegged and I don't care that you're bilingual.
96%
I guess I'm not all smart like you.
95.2%
You're covered in dirt.
95%
I meant to tell you about that yesterday, but could you get to it now?
94.9%
% Correct
You mean, penis-in-vagina?
94.8%
I genuinely don't care that he's kinda lame.
94.7%
I am telling you, the musical numbers are a mess, my kids are a bunch of amateurs, and the last thing I need today is some diabetic freak prancing around on stage making my life a living *hell*!
94%
You have a friend?
93.9%
If I can't find him, I'm telling Beth that you let him drown.
93.6%
Am I in the Cleveland Playhouse or something?
91.1%
Well, yes, but that's not the point.
90.3%
I don't like you anymore.
88.3%
Oh hey... from before...
75.8%
Remove Ads.
Support Sporcle.
Get the best of Sporcle when you Go Orange. This ad-free experience offers more features, more stats, and more fun while also helping to support Sporcle. Thank you for becoming a member.

You're not logged in!

Compare scores with friends on all Sporcle quizzes.
OR
Log In

Show Comments

Extras

Top Quizzes Today


Score Distribution

Your Account Isn't Verified!

In order to create a playlist on Sporcle, you need to verify the email address you used during registration. Go to your Sporcle Settings to finish the process.

Report this User

Report this user for behavior that violates our Community Guidelines.

Details: